| 000 | 00439nam a22001337a 4500 | ||
|---|---|---|---|
| 020 | _a9788131709177 | ||
| 040 | _cnust | ||
| 082 |
_2Second Edition _a519.202462 _bLEO |
||
| 100 |
_aGarcia- Leon Alberto _9122597 |
||
| 245 | _aProbability and Random Process For Electrical Engineering | ||
| 260 |
_aNew Delhi: _bPearson Education Inc, _c1994. |
||
| 650 |
_aProbability and Random Process For Electrical Engineering _9122598 |
||
| 942 |
_2ddc _cBK |
||
| 999 |
_c609055 _d609055 |
||